Napoleon Bonaparte: biography / (Record no. 168251)
[ view plain ]
| 000 -LEADER | |
|---|---|
| fixed length control field | 00651nam a22002057a 4500 |
| 005 - DATE AND TIME OF LATEST TRANSACTION | |
| control field | 20190930173936.0 |
| 010 ## - LCCN (DPL NO) | |
| LC control number | B-730462 |
| 020 ## - INTERNATIONAL STANDARD BOOK NUMBER | |
| International Standard Book Number | 9789384401054 |
| Terms of availability | 160.00 |
| 035 ## - SYSTEM CONTROL NUMBER | |
| System control number | B-730462 |
| 037 ## - SOURCE OF ACQUISITION | |
| Stock number | DPL |
| Source of stock number/acquisition | Pancy |
| 082 ## - DEWEY DECIMAL CLASSIFICATION NUMBER | |
| Classification number | 920 |
| 245 ## - TITLE STATEMENT | |
| Title | Napoleon Bonaparte: biography / |
| Remainder of title | edited by Kaushal K. Goyal |
| 260 ## - PUBLICATION, DISTRIBUTION, ETC. (IMPRINT) | |
| Place of publication, distribution, etc | New Delhi |
| Name of publisher, distributor, etc | Pigeon Books India |
| Date of publication, distribution, etc | 2017 |
| 270 ## - ADDRESS | |
| Address | 16, Ansari Road,Daryaganj, |
| City | New Delhi |
| Postal code | 110002 |
| 300 ## - PHYSICAL DESCRIPTION | |
| Extent | 162p. |
| Other physical details | 20cm.(pb) |
| Dimensions | ill. |
| 490 ## - SERIES STATEMENT | |
| Series statement | Pigeon Biography series |
| 700 ## - ADDED ENTRY--PERSONAL NAME | |
| Dates associated with a name | Goyal,Kaushal K. |
| 942 ## - ADDED ENTRY ELEMENTS (KOHA) | |
| Source of classification or shelving scheme | Dewey Decimal Classification |
| Item type | Children Books |
| Call number prefix | NAP |
| Classification part | 920 |
| Withdrawn status | Lost status | Not for loan | Collection code | Home library | Current library | Date acquired | Source of acquisition | Cost, normal purchase price | Full call number | Barcode | Copy number | Cost, replacement price | Koha item type |
|---|---|---|---|---|---|---|---|---|---|---|---|---|---|
| Non-fiction | Ashok Vihar | Ashok Vihar | 30/09/2019 | Gift/ Eng /26.09.2019 | 160.00 | 920 NAP | B-730462 | 1 | 160.00 | Children Books |
